000 00755nam a2200241 i 4500
001 C2-0335782
003 PPAK
005 20180728135100.0
008 160222s2004 my |||| ||||| | may d
020 _a9799832870912 ; 9832870917
040 _aPPAK
_beng
_cPPAK
_erda
082 0 4 _a352.4959504
_223
090 0 0 _a352.4959504
_bMAH
_dG
100 0 _aMahamad Tayib,
_eauthor
245 1 0 _aPembiayaan pihak berkuasa tempatan di Semenanjung Malaysia
264 1 _aSintok, Kedah :
_bPenerbit Universiti Utara Malaysia ,
_c2004
300 _axvi, 144 pages ;
_c21 cm
336 _2rdacontent
_atext
337 _2rdamedia
_aunmediated
338 _2rdacarrier
_avolume
650 1 0 _aLocal government - Malaysia. ; Revenue - Malaysia.
942 _ddc
_cB
999 _c133881
_d133881